000050793 001__ 50793
000050793 005__ 20230317221055.0
000050793 0247_ $$2doi$$a10.1016/0029-554X(76)90677-7
000050793 0247_ $$2ISSN$$a0029-554X
000050793 0247_ $$2ISSN$$a0029-554x
000050793 0247_ $$2ISSN$$a1878-3759
000050793 037__ $$aGSI-2013-02413
000050793 041__ $$aEnglish
000050793 082__ $$a530
000050793 1001_ $$aAsghar, M.$$b0
000050793 245__ $$aThe recoil separator Lohengrin: Performance and special features for experiments
000050793 260__ $$aAmsterdam$$bElsevier22361$$c1976
000050793 3367_ $$0PUB:(DE-HGF)16$$2PUB:(DE-HGF)$$aJournal Article$$bjournal$$mjournal$$s1366896658_19097
000050793 3367_ $$2DRIVER$$aarticle
000050793 3367_ $$2BibTeX$$aARTICLE
000050793 3367_ $$00$$2EndNote$$aJournal Article
000050793 536__ $$0G:(DE-HGF)POF2-899$$a899 - ohne Topic (POF2-899)$$cPOF2-899$$fPOF I$$x0
000050793 588__ $$aDataset connected to CrossRef, repository.gsi.de
000050793 7001_ $$aBocquet, J.P.$$b1
000050793 7001_ $$aDecker, R.$$b2
000050793 7001_ $$aEwald, H.$$b3
000050793 7001_ $$aGreif, J.$$b4
000050793 7001_ $$aMoll, E.$$b5
000050793 7001_ $$aPfeiffer, B.$$b6
000050793 7001_ $$aSchrader, H.$$b7
000050793 7001_ $$aSchussler, F.$$b8
000050793 7001_ $$aSiegert, G.$$b9
000050793 7001_ $$aWollnik, H.$$b10
000050793 7001_ $$0P:(DE-Ds200)OR0036$$aArmbruster, P.$$b11$$eCorresponding author$$ugsi
000050793 773__ $$0PERI:(DE-600)2205646-4$$a10.1016/0029-554X(76)90677-7$$gVol. 139, p. 213 - 222$$p213 - 222$$tNuclear instruments & methods$$v139$$x0029-554X$$y1976
000050793 909CO $$ooai:repository.gsi.de:50793$$pVDB
000050793 9101_ $$0I:(DE-Ds200)20121206GSI$$6P:(DE-Ds200)OR0036$$aGSI Helmholtzzentrum für Schwerionenforschung GmbH$$b11$$kGSI
000050793 9131_ $$0G:(DE-HGF)POF2-899$$1G:(DE-HGF)POF2-890$$2G:(DE-HGF)POF2-800$$3G:(DE-HGF)POF2$$4G:(DE-HGF)POF$$aDE-HGF$$bProgrammungebundene Forschung$$lohne Programm$$vohne Topic$$x0
000050793 915__ $$0StatID:(DE-HGF)0040$$2StatID$$aPeer Review unknown
000050793 915__ $$0StatID:(DE-HGF)0200$$2StatID$$aDBCoverage$$bSCOPUS
000050793 915__ $$0StatID:(DE-HGF)0420$$2StatID$$aNationallizenz
000050793 920__ $$lyes
000050793 9201_ $$0I:(DE-Ds200)SHP-20080822OR107$$kSHP$$lSHE Physik$$x0
000050793 980__ $$ajournal
000050793 980__ $$aVDB
000050793 980__ $$aI:(DE-Ds200)20110830OR107
000050793 980__ $$aI:(DE-Ds200)SHP-20080822OR107
000050793 980__ $$aUNRESTRICTED